[Event "GER-chT U10"]
[Site "Magdeburg"]
[Date "2016.12.29"]
[Round "7.4"]
[White "Kovalchuk, Alexander"]
[Black "Pfumfel, Janne"]
[Result "1-0"]
[WhiteElo "787"]
[BlackElo "824"]
[PlyCount "35"]
[EventDate "2016.12.27"]
[EventType "team-swiss"]
[EventRounds "7"]
[EventCountry "GER"]
[SourceTitle "EXT 2018"]
[Source "ChessBase"]
[SourceDate "2017.10.13"]
[SourceVersion "1"]
[SourceVersionDate "2017.10.13"]
[SourceQuality "1"]
[WhiteTeam "Dresden TU"]
[BlackTeam "Halle USV"]
[WhiteTeamCountry "GER"]
[BlackTeamCountry "GER"]

1. e4 e5 2. Nf3 Nc6 3. Bc4 Bc5 4. d3 d6 5. Be3 Bxe3 6. fxe3 Bg4 7. h3 Bxf3 8. Qxf3 Qh4+ 9. g3 Qh6 10. Bxf7+ Kd8 11. Nc3 Nb4 12. 0-0-0 Qg5 13. Be6 Nh6 14. a3 Nc6 15. Rhf1 g6 16. Nd5 b6 17. Qf8+ Rxf8 18. Rxf8# 1-0